構想と決断 : NECとともに, My years with NEC corporation
Sparad:
| Huvudupphovsman: | |
|---|---|
| Materialtyp: | Bok |
| Språk: | Undetermined |
| Publicerad: |
東京
ダイヤモンド社
1989
|
| Ämnen: | |
| Taggar: |
Lägg till en tagg
Inga taggar, Lägg till första taggen!
|
| Thư viện lưu trữ: | Trung tâm Học liệu Trường Đại học Cần Thơ |
|---|
| LEADER | 00577nam a2200205Ia 4500 | ||
|---|---|---|---|
| 001 | CTU_92713 | ||
| 008 | 210402s9999 xx 000 0 und d | ||
| 082 | |a 338.8 | ||
| 082 | |b K75 | ||
| 100 | |a 小林宏治(こばやし こうじ) | ||
| 245 | 0 | |a 構想と決断 : | |
| 245 | 0 | |b NECとともに, My years with NEC corporation | |
| 245 | 0 | |c 小林宏治 | |
| 260 | |a 東京 | ||
| 260 | |b ダイヤモンド社 | ||
| 260 | |c 1989 | ||
| 650 | |a Corporations | ||
| 650 | |x Japan | ||
| 904 | |i Ngoc | ||
| 980 | |a Trung tâm Học liệu Trường Đại học Cần Thơ | ||